Statistiques concernant MIA SHEH

Cliquez ici pour prendre le quiz!

Statistiques générales

  • Ce quiz a été pris 3 fois
  • Le résultat moyen est 15 sur 20

Statistiques - réponses

HintRéponse% Correct
Qui sauve nos DSAdrien
100%
Qui était à la BU ce matin à 09:00 et nous à envoyé un snapAmran
100%
Qui aura 19,75/20 sans réviser plus que ça et lâchera un petit "oh pas fou"Anouk
100%
Qui est le plus pipelette de la promoBenjamin
100%
Qui a les cheveux de feuEnora
100%
Qui nous a fait découvrir JetPunkGabriel
100%
Qui est le plus bavard de la promoImanol
100%
Qui a des parents COVIDÉMarie
100%
Qui se gratte l'oeil avec 2 doigts (Seulement Amran peut comprendre)Marina
100%
Qui commence à avoir les cheveux un peu long la (Thomas va chez le coiffeur)Thomas
100%
Qui est le représentant des L2 MIASHS au conseil d'administrationValentin
100%
Qui a la SIDA de PascaleWilliam
100%
Qui est le doyen de la promoBaptiste
67%
Qui va un peu trop aux toilettes pendant les coursCélia
67%
Qui se barre pour répondre au téléphone (c'est pas Thomas)Sarah
67%
Qui parle pas assez fort en CMGénadot
33%
Qui sont les FDP qui ont fabrique le QuizzImanol et Benjamin
33%
Qui est notre Dieu à tousMos
33%
Qui a le + de chance de sauver le petit GregoryAgathe (parce qu'elle nage et elle sauve)
0%
Qui révise pas assezMoi (trop de JetPunk tue le JetPunk)
0%

Distribution des résultats

Percentile par nombre de réponses

% des personnes avec chaque résultat

Votre développement - résultats

Vous n’avez pas pris ce quiz